| 000 | 00618nam a2200193Ia 4500 | ||
|---|---|---|---|
| 005 | 20260114154824.0 | ||
| 008 | 008 250103s9999 xx 000 0 eng d | ||
| 037 | _aTheses | ||
| 040 |
_aCRL _beng _cCRL |
||
| 041 |
_aeng _2eng |
||
| 084 | _qCRL | ||
| 100 |
_aChauhan Maruf Au. _9866549 |
||
| 245 | 0 | _aBiogenic Systhesis of Metal Oxide Nanoparticles, Nanocomposites of Metal Oxide and Their Catalytic Applications | |
| 260 |
_aDelhi _bUniversity of Delhi. Faculty of Science. Depatment of Chemistry _c2022 |
||
| 300 | _a139p. | ||
| 700 |
_a Malhotra Priti Gu. _9866550 |
||
| 942 | _cTH | ||
| 999 |
_c1468515 _d1468515 |
||